000 00716nam a2200241Ia 4500
003 OSt
005 20221007082139.0
006 a|||||r|||| 00| 0
007 ta
008 221006b |||||||| |||| 00| 0 eng d
024 _a28,383
037 _cReports / Technical Reports
040 _aFLL
_cFLL
_beng
041 _2eng
_aeng
082 _aZ73,8,11, M0
100 _aSheldon Charles H.
_9698827
245 0 _aPoliticians, judges, and the people
260 _aWestport
_bGreenwood Press
_c1980
300 _axii,207p
_ccm.
700 _a Weaver Frank P.
_9698828
942 _hZ73,8,11, M0
_cREP
_2CC
999 _c1165474
_d1165474